|
|
|
|
| LEADER |
00000nab a2200000 ar4500 |
| 001 |
vtls008955570 |
| 003 |
SK-MaSNL |
| 005 |
20260319071317.0 |
| 008 |
070315c2007 xo |||||||| |000 b|hun |
| 015 |
|
|
|a SNBRB2007/03
|2 snkbucl
|
| 038 |
|
|
|a SNKBUCL
|
| 040 |
|
|
|a DSZK
|b slo
|c DSZK
|e AACR2
|
| 041 |
0 |
|
|a hun
|
| 044 |
|
|
|a xo
|c SK
|
| 080 |
|
|
|a 39-051
|2 1997
|
| 080 |
|
|
|a 929 Kovács, István B.
|2 1997
|
| 080 |
|
|
|a 902-051
|2 1997
|
| 100 |
1 |
|
|a Juhász Dósa, János,
|d 1969-
|4 ivr
|4 aut
|9 667976
|
| 245 |
1 |
0 |
|a Gömörország szerelmese
|b beszélgetés B. Kovács István gömörológussal
|c [beszélgetett] Juhász Dósa János
|
| 600 |
1 |
7 |
|a Kovács, István B.,
|d 1953-
|2 snkbucl
|9 114139
|
| 700 |
1 |
|
|a Kovács, István B.,
|d 1953-
|4 ive
|4 aut
|9 114139
|
| 773 |
0 |
|
|t Irodalmi szemle
|g Évf. L, sz. 3 (2007), o. 16-25
|x 1336-5088
|
| 852 |
|
|
|a SNK
|b KIS3GCP
|
| 852 |
|
|
|a DSZK
|b KIS3GCP
|
| 958 |
|
|
|a HU
|
| 958 |
|
|
|a SK
|
| 958 |
|
|
|a BX
|
| 999 |
|
|
|c 1755026
|d 1756956
|